City exodus feared (Record no. 71403)

MARC details
000 -LEADER
fixed length control field 01081cam a2200205 4500
008 - FIXED-LENGTH DATA ELEMENTS--GENERAL INFORMATION
fixed length control field 021022n2002 000 0 eng u
035 ## - SYSTEM CONTROL NUMBER
System control number (Sirsi) u120205
245 ## - TITLE STATEMENT
Title City exodus feared
260 ## - PUBLICATION, DISTRIBUTION, ETC.
Date of publication, distribution, etc. 2002
490 ## - SERIES STATEMENT
Series statement Regeneration and Renewal
Volume/sequential designation 18 October 2002, 3(1)
520 ## - SUMMARY, ETC.
Summary, etc. A report by the Barlett School of Planning fears that transport improvements particularly in rail could spark a London exodus by a new generation of 'super commuters'. This may lead to less well off families moving out of London increasing pressure on greenfield sites near to commuter stations. If families desert London's centre the government target to build 60% of new homes on brownfield land may become impossible. To obtain copies of this report t 020 7352 3885 or http://www.trg.soton.ac.uk/ For 'The Land Use Effects of the 10-year plan' http://www.trg.soton.ac.uk/itc/
590 ## - LOCAL NOTE (RLIN)
Local note WB
650 ## - SUBJECT ADDED ENTRY--TOPICAL TERM
Topical term or geographic name entry element TRANSPORT IMPROVEMENTS
650 ## - SUBJECT ADDED ENTRY--TOPICAL TERM
Topical term or geographic name entry element SUPER COMMUTERS
650 ## - SUBJECT ADDED ENTRY--TOPICAL TERM
Topical term or geographic name entry element LONDON
650 ## - SUBJECT ADDED ENTRY--TOPICAL TERM
Topical term or geographic name entry element FLEXIBLE WORKING
650 ## - SUBJECT ADDED ENTRY--TOPICAL TERM
Topical term or geographic name entry element BROWNFIELD SITES
690 ## - LOCAL SUBJECT ADDED ENTRY--TOPICAL TERM (OCLC, RLIN)
Topical term or geographic name as entry element REGENERATION
942 ## - ADDED ENTRY ELEMENTS (KOHA)
Suppress in OPAC 0
Holdings
Withdrawn status Lost status Source of classification or shelving scheme Damaged status Not for loan Home library Current library Shelving location Date acquired Total Checkouts Barcode Date last seen Copy number Price effective from Koha item type
    Dewey Decimal Classification     London London News article 22/10/2002   120205-1001 06/08/2019 1 06/08/2019 News article